[Event "30. Staufer-Open (A)"]
[Site "?"]
[Date "2018.01.05"]
[Round "8"]
[White "Plat, Vojtech"]
[Black "Lampert, Jonas"]
[Result "1/2-1/2"]
[WhiteElo "2569"]
[BlackElo "2518"]
[PlyCount "41"]
[EventDate "2018.??.??"]
[WhiteTeam "SC Weiler im Allgäu e. V."]
[BlackTeam "Hamburger SK von 1830 eV"]

1. e4 e5 2. Nf3 Nc6 3. d4 exd4 4. Nxd4 Bc5 5. Nxc6 bxc6 6. Qf3 d6 7. Bc4 Qf6 8.
Nd2 Qxf3 9. gxf3 Bd4 10. Rg1 Ne7 11. c3 Bf6 12. Nf1 Be6 13. Bd3 g6 14. f4 O-O-O
15. Be3 Rhe8 16. Nd2 Bh8 17. O-O-O f5 18. f3 Kb7 19. Nb3 c5 20. Bb5 Nc6 21. e5
1/2-1/2

[Event "30. Staufer-Open (A)"]
[Site "?"]
[Date "2018.01.05"]
[Round "8"]
[White "Burmakin, Vladimir"]
[Black "Stefansson, Vignir Vatnar"]
[Result "1-0"]
[WhiteElo "2526"]
[BlackElo "2304"]
[PlyCount "73"]
[EventDate "2018.??.??"]
[WhiteTeam "SF 90 Spraitbach e.V."]

1. Nf3 Nc6 2. d4 d6 3. h3 e5 4. dxe5 Nxe5 5. e4 Nf6 6. Nc3 Be7 7. Be2 O-O 8.
O-O Ng6 9. Re1 c6 10. a4 a5 11. Bf1 Qc7 12. Nd4 Re8 13. g3 Nd7 14. Nf5 Bf8 15.
Bg2 Nc5 16. Nd4 Be7 17. Be3 Bf6 18. f4 Bd7 19. Bf2 Rad8 20. Qf3 Bc8 21. Rad1
Nf8 22. Rd2 g6 23. Red1 Qe7 24. Kh2 Bg7 25. Re2 h6 26. g4 Nfe6 27. Nf5 gxf5 28.
exf5 Qf6 29. fxe6 Nxe6 30. Bg3 Nd4 31. Rxe8+ Rxe8 32. Qf2 d5 33. Bh4 Qg6 34.
Rxd4 Bxd4 35. Qxd4 Qxc2 36. Bf6 Qxb2 37. Bh8 1-0

[Event "30. Staufer-Open (A)"]
[Site "?"]
[Date "2018.01.05"]
[Round "8"]
[White "Kunin, Vitaly"]
[Black "Miezis, Normunds"]
[Result "1-0"]
[WhiteElo "2556"]
[BlackElo "2434"]
[PlyCount "87"]
[EventDate "2018.??.??"]
[WhiteTeam "Freibauer Mörlenbach-Birkenau"]
[BlackTeam "SC Emmendingen 1937 e.V."]

1. e4 c5 2. Nf3 e6 3. b3 b6 4. Bb2 Bb7 5. Nc3 Nc6 6. Ne2 Nge7 7. Ng3 d5 8. exd5
Nxd5 9. Nh5 Nf6 10. Nxf6+ gxf6 11. g3 Be7 12. Bg2 Qc7 13. Qe2 O-O-O 14. Rg1 Nd4
15. Nxd4 cxd4 16. Bxb7+ Qxb7 17. Qd3 Kb8 18. O-O-O h5 19. Rde1 Rd5 20. Kb1 Rhd8
21. f3 a5 22. g4 a4 23. gxh5 Rxh5 24. Rg7 a3 25. Bc1 Bf8 26. Rg8 Qc7 27. Re4 e5
28. h4 f5 29. Re1 f6 30. Qa6 Rc8 31. Bxa3 Bxa3 32. Rxc8+ Qxc8 33. Qxa3 Qc5 34.
Qa6 Rh8 35. Qd3 Qc8 36. f4 Re8 37. Qb5 Qe6 38. h5 e4 39. h6 Rh8 40. Qb4 Rd8 41.
h7 e3 42. Qxd4 Rxd4 43. h8=Q+ Ka7 44. Rxe3 1-0

[Event "30. Staufer-Open (A)"]
[Site "?"]
[Date "2018.01.05"]
[Round "8"]
[White "Novikov, Stanislav"]
[Black "Naumkin, Igor"]
[Result "1/2-1/2"]
[WhiteElo "2540"]
[BlackElo "2394"]
[PlyCount "83"]
[EventDate "2018.??.??"]

1. e4 e5 2. Nf3 Nc6 3. Bc4 Bc5 4. c3 Nf6 5. d3 d6 6. Bb3 Bb6 7. Nbd2 O-O 8. Nc4
Ne7 9. a4 c6 10. Nxb6 axb6 11. Bg5 Ng6 12. h4 h6 13. h5 Nf4 14. Bxf4 exf4 15.
Qc1 Ra5 16. Qxf4 Nxh5 17. Qh4 Qxh4 18. Rxh4 Nf6 19. Ra3 Re8 20. Bc2 Bd7 21. Nd2
d5 22. f3 dxe4 23. dxe4 b5 24. axb5 Rxa3 25. bxa3 cxb5 26. Nf1 Nd5 27. Kd2 Nb6
28. Ne3 Ra8 29. e5 Rxa3 30. Rd4 Kf8 31. f4 g6 32. Rd6 Bc6 33. e6 Nc4+ 34. Nxc4
bxc4 35. exf7 Kxf7 36. g4 Ra2 37. Kc1 Ke7 38. Rd4 g5 39. Rxc4 gxf4 40. Rxf4 Ra5
41. Kd2 h5 42. gxh5 1/2-1/2

[Event "30. Staufer-Open (A)"]
[Site "?"]
[Date "2018.01.05"]
[Round "8"]
[White "Dgebuadze, Alexandre"]
[Black "Michalczak, Thomas"]
[Result "1-0"]
[WhiteElo "2521"]
[BlackElo "2208"]
[PlyCount "147"]
[EventDate "2018.??.??"]
[WhiteTeam "SC Remagen-Sinzig"]
[BlackTeam "Schachgesellschaft Solingen e.V."]

1. e4 e5 2. Nf3 Nc6 3. Bb5 a6 4. Ba4 Nf6 5. O-O Be7 6. Re1 b5 7. Bb3 O-O 8. h3
Bb7 9. d3 d5 10. exd5 Nxd5 11. Nbd2 Nf4 12. Ne4 Ng6 13. Nfg5 h6 14. Qh5 hxg5
15. Qxg6 Nd4 16. Nxg5 Bxg5 17. Qxg5 Qxg5 18. Bxg5 Nxb3 19. axb3 f6 20. Be3 Rfe8
21. f3 Rad8 22. Bc5 Kf7 23. Re3 Rd5 24. b4 Rd7 25. Rae1 Rdd8 26. d4 exd4 27.
Re7+ Rxe7 28. Rxe7+ Kg6 29. Rxc7 Bc8 30. Bb6 Re8 31. Bxd4 Be6 32. Rc6 Bc4 33.
Bf2 Re2 34. b3 Bd5 35. Rc5 Rd2 36. Kf1 Be6 37. Ke1 Rd8 38. Rc6 Bf5 39. g4 Bc8
40. Rc7 Be6 41. Bc5 Rd7 42. Rxd7 Bxd7 43. Ke2 Be6 44. Ke3 Bd5 45. f4 f5 46. Kd4
Bf3 47. g5 Kf7 48. Bd6 Ke6 49. Be5 g6 50. c4 Kd7 51. Kc5 Be2 52. h4 bxc4 53.
bxc4 Kc8 54. Kd5 Kd7 55. Bd4 Kc7 56. Bf2 Bf3+ 57. Ke6 Kc6 58. Bd4 Be2 59. Kf6
Bh5 60. Ke7 Bf3 61. Bf2 Be2 62. Kd8 Bf3 63. Kc8 Be2 64. c5 Bf3 65. Kb8 Be2 66.
Ka7 Kc7 67. h5 gxh5 68. g6 Bc4 69. g7 Kc6 70. Kb8 Bg8 71. Be1 Bc4 72. Kc8 a5
73. bxa5 Kxc5 74. Kd7 1-0

[Event "30. Staufer-Open (A)"]
[Site "?"]
[Date "2018.01.05"]
[Round "8"]
[White "Krassowizkij, Jaroslaw"]
[Black "Noe, Christopher"]
[Result "1-0"]
[WhiteElo "2433"]
[BlackElo "2474"]
[PlyCount "43"]
[EventDate "2018.??.??"]
[WhiteTeam "SV Jedesheim 1921"]
[BlackTeam "SC Eppingen"]

1. d4 Nf6 2. c4 e6 3. Nc3 Bb4 4. e3 O-O 5. Bd3 d5 6. Nf3 dxc4 7. Bxc4 c5 8. O-O
cxd4 9. exd4 Nc6 10. Bg5 Be7 11. Qd2 a6 12. Rad1 b5 13. Bb3 Na5 14. Bc2 Nc4 15.
Qf4 Bb7 16. d5 exd5 17. Qh4 Re8 18. Bxf6 Bxf6 19. Qxh7+ Kf8 20. Nh4 Nxb2 21.
Nf5 g6 22. Nh6 1-0

[Event "30. Staufer-Open (A)"]
[Site "?"]
[Date "2018.01.05"]
[Round "8"]
[White "Vorobiov, Evgeny E"]
[Black "Buckels, Valentin"]
[Result "1-0"]
[WhiteElo "2547"]
[BlackElo "2332"]
[PlyCount "71"]
[EventDate "2018.??.??"]
[WhiteTeam "SF 90 Spraitbach e.V."]
[BlackTeam "Schachverein Mülheim-Nord 1931 e"]

1. d4 Nf6 2. c4 e6 3. Nf3 Bb4+ 4. Nbd2 a5 5. a3 Be7 6. b3 d5 7. e3 b6 8. Bd3 c5
9. Bb2 Bb7 10. O-O O-O 11. Rc1 Nbd7 12. Qe2 Ne4 13. Rfd1 f5 14. cxd5 exd5 15.
Bb5 Bd6 16. Ne5 Nxe5 17. dxe5 Bc7 18. Nxe4 fxe4 19. Qg4 Qe7 20. Bd7 Rad8 21. e6
Rxd7 22. exd7 Qf7 23. Rd2 Bc6 24. b4 Bxd7 25. Qg5 Be6 26. bxc5 h6 27. Qh4 bxc5
28. Rxc5 Bd6 29. Rc1 Kh7 30. f4 exf3 31. Rf1 Qg6 32. Qd4 Rf5 33. Qd3 Qh5 34.
gxf3 g6 35. f4 Rf8 36. Qd4 1-0

[Event "30. Staufer-Open (A)"]
[Site "?"]
[Date "2018.01.05"]
[Round "8"]
[White "Kantor, Gergely"]
[Black "Weiß, Oliver"]
[Result "1-0"]
[WhiteElo "2518"]
[BlackElo "2280"]
[PlyCount "77"]
[EventDate "2018.??.??"]
[BlackTeam "TG Biberach"]

1. d4 e6 2. c4 Nf6 3. g3 Bb4+ 4. Bd2 Qe7 5. Bg2 Nc6 6. e3 O-O 7. Nc3 d6 8. Nge2
e5 9. O-O Bf5 10. Nd5 Nxd5 11. cxd5 Bxd2 12. dxc6 Ba5 13. cxb7 Rab8 14. Nc3 e4
15. b4 Bb6 16. Qa4 Bd7 17. b5 Rxb7 18. Bxe4 Rbb8 19. Qb4 Bc8 20. a4 a5 21. Qc4
Be6 22. Qd3 f5 23. Bd5 Qf7 24. Qc4 Rbe8 25. Rac1 g5 26. Bxe6 Rxe6 27. Nd5 Kh8
28. Rc2 Qh5 29. Nf4 gxf4 30. Qxe6 f3 31. Qe7 Re8 32. Qf6+ Kg8 33. h4 h6 34.
Rfc1 c5 35. bxc6 Bc7 36. d5 Qg4 37. Kh2 Bd8 38. Qxh6 Bxh4 39. Qxh4 1-0

[Event "30. Staufer-Open (A)"]
[Site "?"]
[Date "2018.01.05"]
[Round "8"]
[White "Kjartansson, Gudmundur"]
[Black "Wenninger, Philipp"]
[Result "1/2-1/2"]
[WhiteElo "2438"]
[BlackElo "2349"]
[PlyCount "46"]
[EventDate "2018.??.??"]
[BlackTeam "SC Erlangen 48/88"]

1. Nf3 d5 2. g3 Nf6 3. Bg2 c6 4. O-O Bg4 5. d3 Nbd7 6. h3 Bh5 7. Qe1 e5 8. e4
dxe4 9. dxe4 Bc5 10. a4 a5 11. Na3 O-O 12. Nc4 Re8 13. Bd2 b6 14. Nh4 Qc7 15.
Kh1 Nf8 16. f4 exf4 17. Bxf4 Qd7 18. Nf5 Bg6 19. Rd1 Qe6 20. Qc3 Bb4 21. Qb3
Nxe4 22. Nd4 Qf6 23. Be5 Qg5 1/2-1/2

[Event "30. Staufer-Open (A)"]
[Site "?"]
[Date "2018.01.05"]
[Round "8"]
[White "Jurek, Josef"]
[Black "Velicka, Petr"]
[Result "0-1"]
[WhiteElo "2260"]
[BlackElo "2429"]
[PlyCount "102"]
[EventDate "2018.??.??"]
[WhiteTeam "SG Schwäbisch Gmünd 1872 e.V"]
[BlackTeam "SG Schwäbisch Gmünd 1872 e.V"]

1. Nf3 d5 2. g3 Nf6 3. Bg2 Bg4 4. b3 e6 5. Bb2 Be7 6. O-O O-O 7. d3 c5 8. c4
Nc6 9. cxd5 Nxd5 10. Nbd2 Bf6 11. Bxf6 Qxf6 12. Ne4 Qe7 13. Rc1 b6 14. Qd2 Rac8
15. Qb2 Rfd8 16. Rfe1 e5 17. a3 f6 18. Nc3 Nxc3 19. Rxc3 Kh8 20. h3 Be6 21. Kh2
Bd5 22. Rec1 a5 23. Ne1 Bxg2 24. Kxg2 Nd4 25. e3 Nb5 26. Rc4 Rc7 27. Rb1 Ra7
28. Ra1 Qb7+ 29. Kg1 Qa8 30. Qe2 Nd6 31. Rc3 Qd5 32. Qf3 Qxf3 33. Nxf3 Nb5 34.
Rcc1 Rxd3 35. b4 Rxa3 36. Rxa3 Nxa3 37. bxc5 b5 38. c6 Rc7 39. Rc5 Kg8 40. Nd2
a4 41. f4 exf4 42. gxf4 Kf8 43. Kf2 Ke7 44. Ke2 f5 45. Nf3 b4 46. Nd2 b3 47.
Ra5 b2 48. Rxa4 b1=Q 49. Nxb1 Nxb1 50. Kd3 Rxc6 51. Ra1 Rd6+ 0-1

[Event "30. Staufer-Open (A)"]
[Site "?"]
[Date "2018.01.05"]
[Round "8"]
[White "Weber, Samuel"]
[Black "Antal, Tibor Kende"]
[Result "1/2-1/2"]
[WhiteElo "2176"]
[BlackElo "2419"]
[PlyCount "128"]
[EventDate "2018.??.??"]
[WhiteTeam "SV Oberursel"]

1. Nf3 d5 2. g3 c6 3. Bg2 Bg4 4. d3 Nd7 5. Nbd2 Ngf6 6. h3 Bxf3 7. Bxf3 e5 8.
e4 Bc5 9. exd5 cxd5 10. c4 dxc4 11. dxc4 O-O 12. O-O Qc7 13. Kg2 Rad8 14. Qc2
Rfe8 15. Ne4 Nxe4 16. Qxe4 b6 17. Qc6 Rc8 18. Qxc7 Rxc7 19. b3 Bd4 20. Rb1 e4
21. Be2 Nc5 22. Bf4 Rd7 23. Rbd1 g6 24. Rd2 e3 25. fxe3 Bxe3 26. Rxd7 Nxd7 27.
Bxe3 Rxe3 28. Kf2 Rc3 29. Rd1 Nc5 30. Bf3 Rc2+ 31. Kg1 Rxa2 32. b4 Na6 33. b5
Nc5 34. Bd5 Re2 35. Rf1 Re7 36. g4 Kg7 37. Kg2 Nd3 38. Kf3 g5 39. Rh1 Ne5+ 40.
Kg3 Ng6 41. Kf3 Kf6 42. Rf1 Nf4 43. h4 h6 44. hxg5+ hxg5 45. Bc6 Ng6 46. Kg3+
Ke5 47. Rf5+ Kd4 48. Bd5 Ne5 49. Rxg5 Nxc4 50. Bxc4 Kxc4 51. Rf5 f6 52. Kf4 Re1
53. Rh5 Ra1 54. Kf5 Rf1+ 55. Ke4 Kb4 56. Rh7 Ra1 57. Rh5 Re1+ 58. Kf5 Kxb5 59.
Kxf6+ Ka4 60. g5 Rf1+ 61. Ke7 Rg1 62. Kf6 Rf1+ 63. Ke7 Rg1 64. Kf6 Rf1+ 1/2-1/2

[Event "30. Staufer-Open (A)"]
[Site "?"]
[Date "2018.01.05"]
[Round "8"]
[White "Kraus, Tomas"]
[Black "Irkilmez, Yakub"]
[Result "1-0"]
[WhiteElo "2426"]
[BlackElo "1989"]
[PlyCount "69"]
[EventDate "2018.??.??"]
[BlackTeam "Blauer Springer Paderborn"]

1. g3 d5 2. Bg2 Nf6 3. Nf3 g6 4. d3 Bg7 5. O-O O-O 6. Nbd2 c5 7. e4 e6 8. Re1
Nc6 9. c3 a5 10. h4 b6 11. e5 Nd7 12. d4 cxd4 13. cxd4 Ba6 14. Nf1 Nb4 15. Bg5
Qe8 16. a3 Nd3 17. Re2 h6 18. Be3 N3xe5 19. Nxe5 Bxe2 20. Qxe2 Rc8 21. Nxd7
Qxd7 22. Nh2 Qa4 23. Qd1 Qxd1+ 24. Rxd1 Rc2 25. Rb1 b5 26. Bf1 b4 27. Bd3 Rcc8
28. a4 f5 29. Nf3 Rf7 30. Nd2 g5 31. Nb3 f4 32. gxf4 gxf4 33. Bd2 Bf6 34. Re1
Rc6 35. Nxa5 1-0

[Event "30. Staufer-Open (A)"]
[Site "?"]
[Date "2018.01.05"]
[Round "8"]
[White "Jansen, Dirk Norbert"]
[Black "Sinz, Bernhard"]
[Result "1/2-1/2"]
[WhiteElo "2180"]
[BlackElo "2400"]
[PlyCount "55"]
[EventDate "2018.??.??"]
[WhiteTeam "Schachvereinigung 1920 Plettenbe"]
[BlackTeam "TG Biberach"]

1. e4 e5 2. Nf3 Nc6 3. Bc4 Bc5 4. c3 Nf6 5. d4 exd4 6. O-O Nxe4 7. cxd4 d5 8.
dxc5 dxc4 9. Qe2 Qd3 10. Re1 f5 11. Nc3 O-O 12. Nxe4 fxe4 13. Qxe4 Bf5 14. Qh4
Rae8 15. Bf4 Qd5 16. Bxc7 Qxc5 17. Qg3 Qd5 18. Bd6 Rxe1+ 19. Rxe1 Rd8 20. Bc7
Rc8 21. a3 b5 22. h4 a5 23. h5 Qf7 24. Be5 h6 25. Nd4 Nxe5 26. Rxe5 Bd3 27.
Nxb5 Qf6 28. Qe3 1/2-1/2

[Event "30. Staufer-Open (A)"]
[Site "?"]
[Date "2018.01.05"]
[Round "8"]
[White "Denisow, Jewgeny"]
[Black "Gschnitzer, Adrian"]
[Result "1-0"]
[WhiteElo "2177"]
[BlackElo "2394"]
[PlyCount "69"]
[EventDate "2018.??.??"]
[WhiteTeam "SG Schwäbisch Gmünd 1872 e.V"]
[BlackTeam "SV Walldorf"]

1. e4 c5 2. d4 cxd4 3. c3 d5 4. exd5 Qxd5 5. cxd4 Nc6 6. Nf3 Bg4 7. Nc3 Bxf3 8.
Nxd5 Bxd1 9. Nc7+ Kd7 10. Nxa8 Bh5 11. d5 Nd4 12. Be3 Nc2+ 13. Kd2 Nxa1 14.
Bb5+ Kd6 15. Rxa1 Nf6 16. Rc1 Nxd5 17. Bxa7 g6 18. Bc5+ Ke5 19. Re1+ Kf4 20.
Nb6 Nxb6 21. Be3+ Ke5 22. Bxb6+ Kd5 23. f3 g5 24. Ke2 Bg7 25. Rd1+ Ke6 26. Bc4+
Kf6 27. Rd7 Rb8 28. Bd4+ e5 29. Rd6+ Ke7 30. Bc5 Rc8 31. b4 e4 32. Rb6+ Kd8 33.
Rxb7 exf3+ 34. gxf3 Bf6 35. Bxf7 1-0

[Event "30. Staufer-Open (A)"]
[Site "?"]
[Date "2018.01.05"]
[Round "8"]
[White "Zeller, Frank"]
[Black "Carow, Annelen"]
[Result "1-0"]
[WhiteElo "2379"]
[BlackElo "2110"]
[PlyCount "101"]
[EventDate "2018.??.??"]
[WhiteTeam "SK Schwäbisch Hall"]
[BlackTeam "Sfr.Heidesheim"]

1. d4 Nf6 2. Nf3 e6 3. e3 c5 4. Bd3 d5 5. O-O Be7 6. b3 O-O 7. Bb2 b6 8. Nbd2
Ba6 9. c4 cxd4 10. exd4 Nc6 11. Qe2 Nb4 12. Bb1 Rc8 13. a3 Nc6 14. Bd3 Re8 15.
Rac1 Bd6 16. Ne5 dxc4 17. bxc4 Ne7 18. Rfd1 Ng6 19. g3 Qe7 20. h4 Nf8 21. Qe3
Bb7 22. Re1 N6d7 23. f4 f6 24. Ng4 e5 25. fxe5 fxe5 26. c5 Nxc5 27. dxc5 Bxc5
28. Rxc5 Qxc5 29. Nxe5 Qxe3+ 30. Rxe3 Bd5 31. Ne4 Rcd8 32. Nc3 Bb3 33. Nb5 a5
34. Be2 Ba2 35. Nd4 Ne6 36. Nf5 Bb1 37. g4 Bxf5 38. gxf5 Nc5 39. Bc3 Na4 40.
Be1 Nc5 41. h5 Rd6 42. Bc4+ Kf8 43. Bb5 Rc8 44. Bh4 Rd1+ 45. Kg2 Rb1 46. Bc4
Rc7 47. Bd8 Rc8 48. Nf7 Rb2+ 49. Kf3 g6 50. Be7+ Kg8 51. Nd6+ 1-0

[Event "30. Staufer-Open (A)"]
[Site "?"]
[Date "2018.01.05"]
[Round "8"]
[White "Schitco, Ivan"]
[Black "Brem, Stephan"]
[Result "1/2-1/2"]
[WhiteElo "2334"]
[BlackElo "2113"]
[PlyCount "150"]
[EventDate "2018.??.??"]
[BlackTeam "Schachklub München Südost e.V."]

1. d4 b6 2. e4 Bb7 3. Bd3 e6 4. Nf3 Nf6 5. e5 Nd5 6. c4 Nb4 7. Be2 Be4 8. Na3
d5 9. O-O Be7 10. cxd5 Nxd5 11. Nb5 O-O 12. Nd2 Bg6 13. Nc3 f6 14. exf6 Bxf6
15. Nde4 Nc6 16. Nxf6+ Qxf6 17. Nxd5 exd5 18. Be3 Ne7 19. Rc1 c6 20. Qa4 a5 21.
Qb3 Rab8 22. Qc3 a4 23. g3 Bf5 24. Bf4 Rbe8 25. Be5 Qg6 26. f3 b5 27. g4 h5 28.
h3 hxg4 29. hxg4 Bd7 30. Qd3 Qh6 31. f4 Ng6 32. g5 Nxe5 33. dxe5 Qh4 34. Qe3
Rf5 35. Qf2 Qxf2+ 36. Rxf2 Rff8 37. Bd3 Re6 38. g6 Be8 39. Re1 Rxg6+ 40. Bxg6
Bxg6 41. Rc1 Be8 42. f5 Bd7 43. f6 gxf6 44. exf6 Kf7 45. Rf4 Rg8+ 46. Kf2 Rg6
47. Rh1 Rg8 48. Rh7+ Ke6 49. f7 Rf8 50. Ke3 Ke5 51. Rh5+ Kd6 52. Rh6+ Ke5 53.
Rff6 c5 54. Rhg6 d4+ 55. Kd2 Bf5 56. Rg8 Kxf6 57. Rxf8 Bg6 58. Rc8 Bxf7 59.
Rxc5 Bc4 60. Kc2 Ke6 61. b3 axb3+ 62. axb3 d3+ 63. Kc3 d2 64. Kxd2 Bxb3 65.
Rxb5 Bc4 66. Rc5 Bd5 67. Ke3 Bb7 68. Kd4 Bf3 69. Ra5 Bg2 70. Re5+ Kf6 71. Re8
Bb7 72. Ke3 Bd5 73. Kf4 Bg2 74. Re5 Bf1 75. Rh5 Ke6 1/2-1/2

[Event "30. Staufer-Open (A)"]
[Site "?"]
[Date "2018.01.05"]
[Round "8"]
[White "Kölle, Tobias"]
[Black "Gheng, Josef"]
[Result "1/2-1/2"]
[WhiteElo "2146"]
[BlackElo "2334"]
[PlyCount "138"]
[EventDate "2018.??.??"]
[WhiteTeam "TSV Schönaich"]
[BlackTeam "SK Wernau"]

1. d4 Nf6 2. c4 g6 3. Nc3 d5 4. cxd5 Nxd5 5. e4 Nxc3 6. bxc3 Bg7 7. Nf3 c5 8.
Be3 Qa5 9. Qd2 O-O 10. Rc1 b5 11. d5 Nd7 12. Bh6 Rd8 13. Bxg7 Kxg7 14. c4 b4
15. Bd3 Qc7 16. O-O f6 17. Qb2 a5 18. Rce1 e5 19. Nd2 g5 20. Be2 Nf8 21. Rd1
Bd7 22. g3 Bh3 23. Rfe1 Ra6 24. Qb3 a4 25. Qf3 Bc8 26. Nf1 Rad6 27. Ne3 Ng6 28.
Qh5 Qf7 29. Bg4 Ne7 30. Qxf7+ Kxf7 31. Bxc8 Rxc8 32. Rf1 Rg8 33. Kh1 Re8 34. f3
h5 35. Rf2 Nc8 36. Rdf1 Kg6 37. Rg2 Rb6 38. Nf5 Nd6 39. Nxd6 Rxd6 40. h4 Rb6
41. hxg5 fxg5 42. Re2 b3 43. axb3 Rxb3 44. f4 Rxg3 45. fxe5 Rxe5 46. Ref2 h4
47. Rd1 Rb3 48. Rf8 Rb7 49. Rc8 a3 50. Rxc5 a2 51. Rb5 Ra7 52. Ra1 Rxe4 53. c5
Rd4 54. c6 Kf6 55. Rc5 Rb4 56. Rcc1 Rb8 57. d6 Ke6 58. Rd1 Rb1 59. d7 Ra8 60.
c7 Rxa1 61. d8=Q Rxd1+ 62. Qxd1 a1=Q 63. c8=Q+ Rxc8 64. Qxa1 Rc5 65. Kg2 Re5
66. Qa6+ Kf5 67. Qd3+ Re4 68. Qf3+ Rf4 69. Qd5+ Kf6 1/2-1/2

[Event "30. Staufer-Open (A)"]
[Site "?"]
[Date "2018.01.05"]
[Round "8"]
[White "Adocchio, Giampiero"]
[Black "Arnold, Max"]
[Result "1/2-1/2"]
[WhiteElo "2138"]
[BlackElo "2286"]
[PlyCount "82"]
[EventDate "2018.??.??"]
[WhiteTeam "Mosbacher SC von 1931"]
[BlackTeam "SK 1926 Ettlingen"]

1. d4 Nf6 2. Bf4 d5 3. e3 e6 4. Nd2 c5 5. c3 Nc6 6. Ngf3 cxd4 7. cxd4 Qb6 8.
Rb1 Nh5 9. Bg3 Nxg3 10. hxg3 g6 11. Be2 Bg7 12. O-O a5 13. Qa4 O-O 14. b4 Bd7
15. b5 Ne7 16. Nb3 Rfc8 17. Rfc1 Be8 18. Ne5 Qd6 19. Nd3 b6 20. Nd2 Ra7 21.
Rxc8 Nxc8 22. Rc1 Rc7 23. Rxc7 Qxc7 24. Qb3 Nd6 25. a4 Bd7 26. Bf1 Bc8 27. Be2
Bb7 28. Bd1 Ne4 29. Nf3 f6 30. g4 Kf7 31. g5 Nxg5 32. Nxg5+ fxg5 33. g4 Bf6 34.
Bf3 Kg7 35. Kg2 Bc8 36. Qa2 Qc3 37. Qe2 Bb7 38. Qd1 Kf7 39. Kg1 Ke7 40. Kg2 Kd6
41. Be2 Qc8 1/2-1/2

[Event "30. Staufer-Open (A)"]
[Site "?"]
[Date "2018.01.05"]
[Round "8"]
[White "Hahn, Florian"]
[Black "Metz, Hartmut"]
[Result "1/2-1/2"]
[WhiteElo "2136"]
[BlackElo "2281"]
[PlyCount "27"]
[EventDate "2018.??.??"]
[WhiteTeam "SJ Herborn 1998"]
[BlackTeam "SG Rochade Kuppenheim 1979 e.V."]

1. Nf3 c6 2. c4 d5 3. g3 Nf6 4. Bg2 Bg4 5. Ne5 Be6 6. cxd5 Bxd5 7. Nf3 c5 8.
Nc3 Bc6 9. d3 Nbd7 10. O-O e6 11. e4 e5 12. Nd2 Be7 13. Nc4 O-O 14. f4 1/2-1/2

[Event "30. Staufer-Open (A)"]
[Site "?"]
[Date "2018.01.05"]
[Round "8"]
[White "Walter, Andreas"]
[Black "Namyslo, Holger"]
[Result "1/2-1/2"]
[WhiteElo "2127"]
[BlackElo "2278"]
[PlyCount "55"]
[EventDate "2018.??.??"]
[WhiteTeam "Schachverein Mülheim-Nord 1931 e"]
[BlackTeam "TG Biberach"]

1. d4 e6 2. c4 d5 3. Nf3 Nf6 4. cxd5 exd5 5. Nc3 c6 6. Bg5 Be7 7. Qc2 O-O 8. e3
Nbd7 9. Bd3 Re8 10. h3 Nf8 11. Bf4 Ng6 12. Bh2 Bd6 13. Bxd6 Qxd6 14. O-O-O b5
15. Kb1 a5 16. Rc1 Ba6 17. Nd2 Nd7 18. Ne2 b4 19. Bxa6 Rxa6 20. Nb3 Qf6 21. Qd3
Rea8 22. f3 Nb6 23. Nc5 R6a7 24. h4 a4 25. h5 Ne7 26. e4 Nc4 27. e5 Qf5 28. g4
1/2-1/2

[Event "30. Staufer-Open (A)"]
[Site "?"]
[Date "2018.01.05"]
[Round "8"]
[White "Kersten, Uwe"]
[Black "Reichel, Jonathan"]
[Result "1/2-1/2"]
[WhiteElo "2247"]
[BlackElo "2093"]
[PlyCount "25"]
[EventDate "2018.??.??"]
[WhiteTeam "Kasseler SK 1876"]
[BlackTeam "SK 1926 Ettlingen"]

1. e4 e5 2. Nf3 Nc6 3. Bb5 Nge7 4. Nc3 g6 5. d4 exd4 6. Nd5 Bg7 7. Bg5 h6 8.
Bf6 Bxf6 9. Nxf6+ Kf8 10. Nxd4 Nf5 11. Nh7+ Rxh7 12. exf5 Qf6 13. Bxc6 1/2-1/2

[Event "30. Staufer-Open (A)"]
[Site "?"]
[Date "2018.01.05"]
[Round "8"]
[White "Flach, Erich"]
[Black "Henrich, Thomas"]
[Result "0-1"]
[WhiteElo "2119"]
[BlackElo "2240"]
[PlyCount "74"]
[EventDate "2018.??.??"]
[WhiteTeam "SK Langen"]
[BlackTeam "SK Marburg 1931/72"]

1. c4 e5 2. g3 Nc6 3. Nc3 g6 4. Bg2 Bg7 5. d3 d6 6. e4 Nd4 7. h3 Ne7 8. Nge2
Be6 9. O-O c6 10. Rb1 a5 11. f4 Qd7 12. Kh2 h5 13. b3 f5 14. h4 fxe4 15. dxe4
Bg4 16. Qd3 Ne6 17. Be3 O-O 18. Rbd1 exf4 19. Bxf4 Nxf4 20. Nxf4 Bxd1 21. Rxd1
Rxf4 22. gxf4 Qg4 23. Ne2 Qxh4+ 24. Kg1 Rd8 25. Bh3 g5 26. Be6+ Kh8 27. e5 gxf4
28. exd6 Qg5+ 29. Kf2 Ng6 30. Rg1 Qh4+ 31. Kf1 Ne5 32. Qe4 Rxd6 33. Qxf4 Qe7
34. Bf5 Bh6 35. Qg3 Rd8 36. Bc2 Rf8+ 37. Ke1 Nf3+ 0-1

[Event "30. Staufer-Open (A)"]
[Site "?"]
[Date "2018.01.05"]
[Round "8"]
[White "Kabelka, Ondrej"]
[Black "Hecht, Carsten"]
[Result "0-1"]
[WhiteElo "2026"]
[BlackElo "2232"]
[PlyCount "76"]
[EventDate "2018.??.??"]
[BlackTeam "LSV Turm Lippstadt"]

1. d4 Nf6 2. c4 g6 3. g3 c6 4. Bg2 d5 5. Nf3 Bg7 6. O-O O-O 7. cxd5 cxd5 8. Ne5
Ne4 9. Nd2 Nxd2 10. Bxd2 Nc6 11. Nxc6 bxc6 12. Bb4 Re8 13. Bc5 e5 14. e4 exd4
15. exd5 Ba6 16. Re1 Rxe1+ 17. Qxe1 cxd5 18. Rd1 d3 19. b3 Rc8 20. b4 Qd7 21.
Bf1 Re8 22. Qd2 Re2 23. Qf4 h5 24. Qb8+ Kh7 25. Qxa7 Qxa7 26. Bxa7 Rxa2 27. Be3
Ra1 28. Rxa1 Bxa1 29. Bg2 d4 30. Bf4 Bc3 31. Be5 Bb5 32. Bf3 Ba4 33. b5 Bxb5
34. Bd1 Bc4 35. Bf4 Ba2 36. Kf1 Bb1 37. Bf3 Bc2 38. Be4 f5 0-1

[Event "30. Staufer-Open (A)"]
[Site "?"]
[Date "2018.01.05"]
[Round "8"]
[White "Weiss, Andreas"]
[Black "Karimi, Farhad"]
[Result "1/2-1/2"]
[WhiteElo "2209"]
[BlackElo "2087"]
[PlyCount "89"]
[EventDate "2018.??.??"]
[WhiteTeam "SG Schwäbisch Gmünd 1872 e.V"]
[BlackTeam "Satranç Club 2000 e.V."]

1. e4 c5 2. Nf3 Nc6 3. d4 cxd4 4. Nxd4 e5 5. Nb5 d6 6. N1c3 a6 7. Na3 b5 8. Nd5
Nce7 9. c4 Nxd5 10. exd5 bxc4 11. Bxc4 Nf6 12. O-O Be7 13. b4 O-O 14. Qe2 Nd7
15. Nc2 f5 16. f4 Bf6 17. Rb1 e4 18. Be3 Nb6 19. Rfc1 Nxc4 20. Qxc4 Bd7 21. Nd4
Bxd4 22. Qxd4 Bb5 23. Rc3 Rb8 24. Rbc1 Rf7 25. a3 h6 26. Qd1 Kh7 27. Qc2 Bd3
28. Qf2 a5 29. Rc6 axb4 30. Bb6 Qg8 31. axb4 Rf6 32. Qd4 Rg6 33. Bc7 Rb5 34.
Rxd6 Rxd6 35. Bxd6 Rxd5 36. Qb6 Qe6 37. Bc5 Qxb6 38. Bxb6 Rb5 39. Bc5 g5 40. g3
Kg6 41. Kf2 Rb7 42. Ke3 Rd7 43. Bd4 gxf4+ 44. gxf4 Rd6 45. Rc5 1/2-1/2

[Event "30. Staufer-Open (A)"]
[Site "?"]
[Date "2018.01.05"]
[Round "8"]
[White "Neukirchner, Pascal"]
[Black "Golovkina, Anastasia"]
[Result "1/2-1/2"]
[WhiteElo "2198"]
[BlackElo "2019"]
[PlyCount "99"]
[EventDate "2018.??.??"]
[WhiteTeam "SK Gründau"]

1. d4 d5 2. c4 e6 3. Nf3 Nf6 4. g3 Bb4+ 5. Bd2 Be7 6. Bg2 O-O 7. O-O c6 8. Qc2
Nbd7 9. Bf4 b6 10. Rd1 Bb7 11. Ne5 Nxe5 12. dxe5 Nd7 13. cxd5 cxd5 14. e4 dxe4
15. Bxe4 Bxe4 16. Qxe4 Qc7 17. Nc3 a6 18. Rac1 Nc5 19. Qf3 Rfd8 20. b4 Qb7 21.
Qxb7 Nxb7 22. Be3 Bxb4 23. Bxb6 Rxd1+ 24. Nxd1 Ba5 25. Bxa5 Nxa5 26. Rc5 Nb7
27. Rc7 Nd8 28. Ne3 h5 29. f4 f6 30. Nc4 Nf7 31. exf6 gxf6 32. Kf2 Nh6 33. Rc6
Kf7 34. a4 Nf5 35. a5 Nd4 36. Rc7+ Kg6 37. Nb6 Rd8 38. Ra7 Nb3 39. Rxa6 Rd6 40.
Ra7 Nxa5 41. Nc8 Rd2+ 42. Ke1 Nb3 43. Ne7+ Kh6 44. f5 exf5 45. Nxf5+ Kg5 46.
Nh4 Kg4 47. Rb7 Rd3 48. Rb4+ Nd4 49. Ng2 Kf3 50. Nh4+ 1/2-1/2

[Event "30. Staufer-Open (A)"]
[Site "?"]
[Date "2018.01.05"]
[Round "8"]
[White "Höglauer, Patrick"]
[Black "Wortmann, Klaus-Peter"]
[Result "1-0"]
[WhiteElo "2343"]
[BlackElo "2083"]
[PlyCount "89"]
[EventDate "2018.??.??"]
[WhiteTeam "SC Grunbach"]
[BlackTeam "Märkischer Springer Halver-Schal"]

1. Nf3 f5 2. g3 Nf6 3. Bg2 e6 4. O-O Be7 5. d4 O-O 6. c4 d6 7. b3 Nc6 8. Bb2
Qe8 9. d5 Nd8 10. dxe6 Nxe6 11. Nc3 Bd7 12. Nd5 Bd8 13. e3 Rb8 14. Nd4 Nxd4 15.
Qxd4 b6 16. Rfe1 Qg6 17. Rad1 Kh8 18. Nf4 Qf7 19. Qd3 Be7 20. Nd5 Nxd5 21. cxd5
a5 22. Rc1 Rb7 23. Rc2 b5 24. Rec1 Bd8 25. a3 Kg8 26. Bc3 Ra7 27. Bd4 Ra8 28.
Qd2 Be8 29. Bc3 a4 30. bxa4 bxa4 31. Rb1 Bd7 32. Rb7 Bc8 33. Rb4 Bd7 34. Bf1
Qe8 35. Rcb2 Kh8 36. Rb7 Rf7 37. Ba5 c5 38. dxc6 Bxc6 39. Rxf7 Bxa5 40. Qxd6
Rd8 41. Qe7 Qxe7 42. Rxe7 Be4 43. Ra7 Bc3 44. Rd7 Rc8 45. Rc7 1-0